| 000 | 00442nam a2200157 i 4500 | ||
|---|---|---|---|
| 001 | 128919 | ||
| 003 | ES-MaACL | ||
| 005 | 20230906193407.0 | ||
| 007 | t| | ||
| 008 | 070530s1903 sp ||||1| spa d | ||
| 100 | 1 |
_aTéllez y López, Juan. _9109647 |
|
| 245 | 1 | 0 |
_aCuentos para Mimi / _cJuan Téllez y López. |
| 260 |
_aSantiago : _b[s.n.], _c1903 ( _fImp. Gaceta de F. López) |
||
| 300 |
_a122 p. ; _c15 cm. |
||
| 852 |
_aES-MaACL _jD-367 |
||
| 999 |
_c128919 _d128919 |
||